El derecho al Estado de bienestar como derecho fundamental /

Uloženo v:
Podrobná bibliografie
Hlavní autor: Azpiazu Castro, Humberto (autor)
Médium: Kniha
Jazyk:španělština
Edice:(Monografías Poder Judicial Aguascalientes ; 6)
Témata:
Tagy: Přidat tag
Žádné tagy, Buďte první, kdo vytvoří štítek k tomuto záznamu!

MARC

LEADER 00000nam^a2200000^a^4500
001 000272696
005 20250521000000.0
009 20260310111107.33
037 |a Acervo ITESO - Biblioteca 
041 |a ESP 
082 |a 362. 9  |b AZP 
100 |a Azpiazu Castro, Humberto  |e (autor) 
245 1 3 |a El derecho al Estado de bienestar como derecho fundamental /  |c H. Azpiazu Castro. 
264 |a Aguascalientes, México :  |b Poder Judicial del Estado de Aguascalientes,  |c 2006 
300 |a 39 p. 
336 |a texto  |b txt  |2 rdacontenido 
337 |a sin mediación  |b n  |2 rdamedio 
338 |a volumen  |b nc  |2 rdasoporte 
440 1 |a (Monografías Poder Judicial Aguascalientes ;  |v 6) 
649 |a XX 
650 |a Globalización 
650 |a Empleo y Desempleo 
650 |a Seguridad Social 
650 |a Gasto Público 
650 |a Estado de Bienestar -  |x Tema Principal 
650 |a Estado, El -  |x Teoría 
650 |a Política Social 
650 |a Política Económica 
650 |a Políticas Públicas 
650 |a Derechos Humanos 
650 |a Derecho Público 
650 |a Economía Política -  |x Historia 
910 |a Fondo General 
920 |a Impresos - Libros 
930 |a Colección General 
905 |a 101 
901 |a 0500158194  |b IT1  |c ACC  |u 20250521 
902 |a https://opac.biblio.iteso.mx/vufind/Record/000272696